Obras de Arte Famosas - Statistics

Estatísticas Gerais
  • Esse quiz foi jogado 176 vezes
    172 desde o último reset
  • A pontuação média é 7 de 25
Estatísticas das Respostas
OBRA / ANO ARTISTA % Correto
O Homem Vitruviano (1490) Leonardo da Vinci
92%
A Criação de Adão (1511) Michelangelo
72%
Os Comedores de Batatas (1885) Vincent Van Gogh
70%
Impressão, Sol Nascente (1872) Claude Monet
47%
A persistência da Memória (1931) Salvador Dalí
47%
O Grito (1893) Edvard Munch
45%
A Escola de Atenas (1510) Rafael
44%
Dom Quixote (1955) Pablo Picasso
41%
A Negra (1923) Tarsila do Amaral
38%
O Lavrador de Café (1934) Cândido Portinari
31%
Autorretrato com Colar de Espinhos e Beija-for (1940) Frida Kahlo
24%
O Beijo (1908) Gustave Klimt
21%
Medusa (1596) Caravaggio
20%
O Farol (1915) Anita Malfatti
13%
As Mulatas (1962) Di Cavalcanti
13%
3 de Maio de 1808 (1814) Francisco de Goya
13%
Rosa e Azul (1881) Pierre-Auguste Renoir
13%
A Coroação de Pedro I do Brasil (1846) Jean-Baptiste Debret
11%
A Traição das Imagens (1909) René Magritte
11%
L.H.O.O.Q. (1919) Marcel Duchamp
9%
Tarde de Domingo na Ilha de Grande Jatte (1886) Georges Seurat
7%
A Grande Onda de Kanagawa (1830) Katsushika Hokusai
5%
Dois Homens Contemplando a Lua (1825-1830) Caspar David Friedrich
4%
O Homem Controlador do Universo (1933) Diego Rivera
4%
No Jardim (1903) Mary Cassatt
2%
Nenhum quiz correspondente encontrado
Distribuição das Pontuações
Porcentagem de Pessoas com Cada Pontuação
Percentil de Números Respondidos
Sua Pontuação Histórica
Você não jogou esse quiz desde o último reset